70 wanita terbilang di zaman nabi Muhammad s.a.w alahi wasalam /

Bibliographic Details
Main Author: Abu Azka Al Madani
Other Authors: Harun Arrasyid Hj. Tuskan
Format: Book
Published: Kuala Lumpur: Al-Hidayah Publishers, 2004.
Subjects:
LEADER 00621cam a2200193 7i4500
001 0000024750
005 20151104090000.0
005 ##20151104130700.0
003 ##MY-KlINT
020 # # |a 9830995607  
039 # 9 |y 201511041307  |z VLOAD 
090 0 0 |a E 297.57082   |b ABU 
100 1 # |a Abu Azka Al Madani 
245 1 0 |a 70 wanita terbilang di zaman nabi Muhammad s.a.w alahi wasalam /   |c Abu Azka Al Madani, Harun Arrasyid Hj Tuskan. 
260 # # |a Kuala Lumpur:   |b Al-Hidayah Publishers,   |c 2004. 
300 # # |a xviii, 480ms;   |c 23cm. 
650 # 0 |a Women in Islam  
650 # 0 |a Muslim women --   |x Conduct of life  
700 0 # |a Harun Arrasyid Hj. Tuskan